Lehetséges-e kultúra?

Elmentve itt :
Bibliográfiai részletek
Szerző: Simon Ferenc
Dokumentumtípus: Cikk
Megjelent: 1979
Sorozat:Acta Universitatis Szegediensis : sectio philosophica 23
Kulcsszavak:Filozófia
Tárgyszavak:
Online Access:http://acta.bibl.u-szeged.hu/2526
LEADER 00693nab a2200205 i 4500
001 acta2526
005 20260123122855.0
008 161015s1979 hu o 000 hun d
022 |a 0231-2670 
040 |a SZTE Egyetemi Kiadványok Repozitórium  |b hun 
041 |a hun 
100 1 |a Simon Ferenc 
245 1 0 |a Lehetséges-e kultúra?  |h [elektronikus dokumentum] /  |c  Simon Ferenc 
260 |c 1979 
300 |a 59-76 
490 0 |a Acta Universitatis Szegediensis : sectio philosophica  |v 23 
650 4 |a Bölcsészettudományok 
650 4 |a Filozófia, etika és vallástudományok 
695 |a Filozófia 
856 4 0 |u http://acta.bibl.u-szeged.hu/2526/1/philosophica_023_059-076.pdf  |z Dokumentum-elérés